Buttons on Your Screen - Statistics

General Stats
  • This quiz has been taken 5 times
    2 since last reset
  • The average score is 15 of 29
Answer Stats
Button % Correct
Create
100%
Give Up?
100%
Nominate
100%
+ Playlist
100%
Profile
100%
Quizzes
100%
Subscribe?
100%
User Profile
100%
Daily Challenge
50%
Help
50%
Menu
50%
More >
50%
More Quiz Info >>>
50%
Pause Quiz
50%
Random
50%
Random
50%
Random
50%
Rating
50%
Refresh
50%
Show Comments >
50%
Take Untimed
50%
Top Today
50%
en
0%
Jetpunk
0%
Jetpunk Premium
0%
Notifications
0%
Streak
0%
User Stats
0%
Word
0%
No matching quizzes found
Score Distribution
Percent of People with Each Score
Percentile by Number Answered
Your Score History
You have not taken this quiz since the last reset